[Event "NAYCC U12"]
[Site "Windsor CAN"]
[Date "2016.08.08"]
[Round "2.88"]
[White "Lin, Benjamin1"]
[Black "Vettese, Nicholas"]
[Result "1/2-1/2"]
[WhiteElo "1716"]
[BlackElo "2092"]
[PlyCount "104"]
[GameId "2160767908596333"]
[EventDate "2016.08.07"]
[EventType "swiss"]
[EventRounds "9"]
[EventCountry "CAN"]
[SourceTitle "EXT 2022"]
[Source "ChessBase"]
[SourceDate "2021.10.06"]
[SourceVersion "1"]
[SourceVersionDate "2021.10.06"]
[SourceQuality "1"]

1. e4 c5 2. Nf3 d6 3. d4 cxd4 4. Nxd4 Nf6 5. Nc3 a6 6. h3 e6 7. Be2 Be7 8. Be3 Qc7 9. a4 b6 10. Bf3 Bb7 11. g4 Nfd7 12. Rg1 Ne5 13. Be2 Nbd7 14. Nb3 Nc4 15. Bxc4 Qxc4 16. Qd4 Qxd4 17. Bxd4 O-O 18. O-O-O Nc5 19. Nxc5 dxc5 20. Be3 Bc6 21. f4 b5 22. axb5 axb5 23. e5 b4 24. Nb1 c4 25. Bd4 Rfd8 26. Bb6 Rxd1+ 27. Kxd1 Ra1 28. Ke2 Be4 29. Nd2 Rxg1 30. Bxg1 Bxc2 31. Nxc4 Be4 32. Bf2 h6 33. h4 Bd5 34. Nd6 g5 35. hxg5 hxg5 36. fxg5 Bxg5 37. Be3 Bh4 38. Bf2 Be7 39. Be1 b3 40. Bc3 Kg7 41. Kf2 Kg6 42. Kg3 f5 43. Nb5 Bg5 44. gxf5+ exf5 45. Nd4 f4+ 46. Kf2 Bh4+ 47. Ke2 Kh5 48. e6 Kg4 49. Bb4 f3+ 50. Nxf3 Bxf3+ 51. Kd3 Bf6 52. Kc4 Bxb2 1/2-1/2

[Event "NAYCC U12"]
[Site "Windsor CAN"]
[Date "2016.08.08"]
[Round "3.91"]
[White "Vettese, Nicholas"]
[Black "England, Max"]
[Result "1-0"]
[WhiteElo "2092"]
[BlackElo "1607"]
[PlyCount "99"]
[GameId "2160767908596362"]
[EventDate "2016.08.07"]
[EventType "swiss"]
[EventRounds "9"]
[EventCountry "CAN"]
[SourceTitle "hb 2016"]

1. e4 e5 2. Nf3 Nc6 3. Bc4 Bc5 4. c3 Nf6 5. d3 d6 6. Bb3 O-O 7. O-O a6 8. Nbd2 Ba7 9. Re1 Ne7 10. Nf1 Ng6 11. Ng3 c6 12. h3 h6 13. d4 Qc7 14. Be3 Re8 15. Bc2 Bd7 16. a4 Rad8 17. dxe5 Bxe3 18. exf6 Bf4 19. Nh5 Be5 20. Nxg7 Rf8 21. Nxe5 dxe5 22. Qh5 Kh7 23. Rad1 Nf4 24. Qf3 Kg6 25. g3 Nxh3+ 26. Kg2 Rh8 27. Qh5+ Kxf6 28. Nf5 Ng5 29. f4 Bxf5 30. fxg5+ hxg5 31. Qf3 Qc8 32. Qxf5+ Qxf5 33. exf5 Rd5 34. Be4 Rxd1 35. Rxd1 Ke7 36. b4 Rc8 37. c4 b5 38. axb5 axb5 39. c5 f6 40. Rd6 Ra8 41. Re6+ Kf7 42. Bxc6 Ra2+ 43. Kh3 Rb2 44. Be8+ Kg7 45. c6 g4+ 46. Kh4 Rh2+ 47. Kxg4 Rb2 48. c7 Rxb4+ 49. Kh3 Rc4 50. Rc6 1-0

[Event "NAYCC U12"]
[Site "Windsor CAN"]
[Date "2016.08.09"]
[Round "4.86"]
[White "Balderas Garza, Adolfo"]
[Black "Vettese, Nicholas"]
[Result "0-1"]
[WhiteElo "1956"]
[BlackElo "2092"]
[PlyCount "94"]
[GameId "2160767908604578"]
[EventDate "2016.08.07"]
[EventType "swiss"]
[EventRounds "9"]
[EventCountry "CAN"]
[SourceTitle "EXT 2022"]
[Source "ChessBase"]
[SourceDate "2021.10.06"]
[SourceVersion "1"]
[SourceVersionDate "2021.10.06"]
[SourceQuality "1"]

1. e4 c5 2. Nf3 d6 3. d4 cxd4 4. Nxd4 Nf6 5. Nc3 a6 6. h3 e6 7. g4 d5 8. exd5 Nxd5 9. Nde2 Bb4 10. Bd2 h5 11. Rg1 Nc6 12. a3 Ne5 13. Bg2 hxg4 14. hxg4 Bc5 15. Ne4 Ba7 16. N2g3 Qb6 17. b4 Bd7 18. Nc5 Rc8 19. Qe2 Rxc5 20. bxc5 Qxc5 21. Ne4 Qb6 22. Rh1 Rxh1+ 23. Bxh1 Bb5 24. Qd1 g6 25. a4 Bc6 26. Rb1 Qd4 27. Qe2 Kd7 28. a5 Bb5 29. Rxb5 axb5 30. Qxb5+ Kc7 31. Qe2 Qa1+ 32. Qd1 Qxd1+ 33. Kxd1 Nxg4 34. Ke2 f5 35. f3 Ne5 36. Ng5 Kd6 37. f4 Nc4 38. Nf7+ Ke7 39. Bxd5 exd5 40. Ne5 Nxe5 41. fxe5 Ke6 42. Bf4 Bd4 43. Kd3 Bxe5 44. Bxe5 Kxe5 45. c4 d4 46. Kd2 Kd6 47. Kd3 Kc5 0-1

[Event "NAYCC U12"]
[Site "Windsor CAN"]
[Date "2016.08.09"]
[Round "5.85"]
[White "Vettese, Nicholas"]
[Black "Huang, Patrick"]
[Result "1-0"]
[WhiteElo "2092"]
[BlackElo "1973"]
[PlyCount "71"]
[GameId "2160767908604603"]
[EventDate "2016.08.07"]
[EventType "swiss"]
[EventRounds "9"]
[EventCountry "CAN"]
[SourceTitle "hb 2016"]

1. e4 c5 2. Nf3 d6 3. d4 cxd4 4. Nxd4 Nf6 5. Nc3 a6 6. f3 e5 7. Nb3 Be6 8. Be3 Be7 9. Qd2 Nbd7 10. Nd5 Nxd5 11. exd5 Bf5 12. c4 Rc8 13. Be2 Bh4+ 14. g3 Be7 15. O-O O-O 16. a4 Bh3 17. Rfc1 f5 18. f4 exf4 19. Bxf4 g5 20. Be3 f4 21. gxf4 gxf4 22. Bxf4 Qb6+ 23. Be3 Bg5 24. Bxb6 Bxd2 25. Nxd2 Nxb6 26. Rc3 Bf5 27. Rg3+ Kh8 28. b3 Rfe8 29. Bh5 Re7 30. Rf1 Re5 31. Nf3 Re7 32. Ng5 Bg6 33. Bxg6 hxg6 34. Nf7+ Kg7 35. Nxd6 Rf8 36. Nf5+ 1-0

[Event "NAYCC U12"]
[Site "Windsor CAN"]
[Date "2016.08.10"]
[Round "6.84"]
[White "Wang, Wesley"]
[Black "Vettese, Nicholas"]
[Result "0-1"]
[WhiteElo "2131"]
[BlackElo "2092"]
[PlyCount "84"]
[GameId "2160767908604628"]
[EventDate "2016.08.07"]
[EventType "swiss"]
[EventRounds "9"]
[EventCountry "CAN"]
[SourceTitle "hb 2016"]

1. e4 c5 2. Nf3 d6 3. d4 cxd4 4. Nxd4 Nf6 5. Nc3 a6 6. f4 Nbd7 7. a4 b6 8. Bd3 Bb7 9. O-O Nc5 10. Qe2 e6 11. b4 Nxd3 12. cxd3 d5 13. e5 Bxb4 14. Na2 Bc5 15. Be3 Nd7 16. Kh1 O-O 17. Rf3 Qe7 18. Raf1 f5 19. exf6 Rxf6 20. Re1 e5 21. fxe5 Qxe5 22. Qf2 Re8 23. Bd2 Rxf3 24. gxf3 Qh5 25. Rxe8+ Qxe8 26. Nc1 Ne5 27. Be3 Qxa4 28. Kg2 Qe8 29. Kf1 Qg6 30. Qe2 a5 31. Nc2 Ba6 32. Ne1 Nc6 33. Kf2 Qe6 34. Bxc5 Qxe2+ 35. Nxe2 bxc5 36. Nc3 Nb4 37. Ke2 Kf7 38. Kd2 Ke6 39. Na4 Kd6 40. Nc3 Kc6 41. f4 d4 42. Na4 Bb5 0-1

[Event "NAYCC U12"]
[Site "Windsor CAN"]
[Date "2016.08.10"]
[Round "7.89"]
[White "Vettese, Nicholas"]
[Black "Zhou, Aiden"]
[Result "1-0"]
[WhiteElo "2092"]
[BlackElo "1777"]
[PlyCount "99"]
[GameId "2160767908604654"]
[EventDate "2016.08.07"]
[EventType "swiss"]
[EventRounds "9"]
[EventCountry "CAN"]
[SourceTitle "EXT 2022"]
[Source "ChessBase"]
[SourceDate "2021.10.06"]
[SourceVersion "1"]
[SourceVersionDate "2021.10.06"]
[SourceQuality "1"]

1. e4 c5 2. Nf3 d6 3. d4 Nf6 4. Nc3 cxd4 5. Nxd4 Nc6 6. Bg5 Bd7 7. Qd2 Rc8 8. O-O-O Nxd4 9. Qxd4 Qa5 10. Bd2 a6 11. Kb1 Qc5 12. Qxc5 Rxc5 13. Be3 Rc8 14. f3 Bc6 15. Nd5 e6 16. Nxf6+ gxf6 17. Bf4 d5 18. exd5 Bxd5 19. Bd3 h5 20. Rhe1 Be7 21. Be4 Bxe4 22. Rxe4 Rg8 23. g3 e5 24. Be3 Rd8 25. Rxd8+ Kxd8 26. Rh4 Rh8 27. g4 f5 28. Rxh5 Rxh5 29. gxh5 f4 30. Bf2 Bg5 31. c4 f5 32. Kc2 e4 33. Bd4 Ke7 34. Bg7 Kf7 35. h6 Kg6 36. b4 Be7 37. c5 a5 38. a3 axb4 39. axb4 exf3 40. Kd1 b6 41. cxb6 Bd6 42. b7 Kh7 43. b5 Kg6 44. Ke1 Bc7 45. Kf2 Bb8 46. Kxf3 Kh7 47. Bf6 Kxh6 48. Bd8 Kg7 49. b6 Kf7 50. Bc7 1-0

[Event "NAYCC U12"]
[Site "Windsor CAN"]
[Date "2016.08.11"]
[Round "8.89"]
[White "Hung, Daniel1"]
[Black "Vettese, Nicholas"]
[Result "0-1"]
[WhiteElo "1812"]
[BlackElo "2092"]
[PlyCount "84"]
[GameId "2160767908604680"]
[EventDate "2016.08.07"]
[EventType "swiss"]
[EventRounds "9"]
[EventCountry "CAN"]
[SourceTitle "EXT 2022"]
[Source "ChessBase"]
[SourceDate "2021.10.06"]
[SourceVersion "1"]
[SourceVersionDate "2021.10.06"]
[SourceQuality "1"]

1. e4 c5 2. Nc3 a6 3. f4 Nc6 4. Nf3 e6 5. d3 d5 6. g3 Nf6 7. e5 Nd7 8. Bg2 Be7 9. O-O b5 10. Ne2 a5 11. g4 h5 12. h3 hxg4 13. hxg4 Ba6 14. Be3 Qc7 15. c3 Nb6 16. Bf2 g5 17. Nxg5 Nxe5 18. Nxe6 fxe6 19. fxe5 O-O-O 20. d4 Bg5 21. Qd3 Nc4 22. b3 Nd2 23. Rfd1 Ne4 24. Ng3 Nxf2 25. Kxf2 Rdf8+ 26. Kg1 c4 27. bxc4 bxc4 28. Qe2 Bh4 29. Qe3 Qg7 30. Rf1 Qxg4 31. Nh1 Rfg8 32. Qf3 Qg7 33. Rab1 Bg5 34. Rf2 Qh6 35. Rfb2 Be3+ 36. Nf2 Rf8 37. Qd1 Bxf2+ 38. Rxf2 Qh2+ 39. Kf1 Rxf2+ 40. Kxf2 Rf8+ 41. Ke3 Qf4+ 42. Ke2 Qf2# 0-1

[Event "CAN-op"]
[Site "Windsor CAN"]
[Date "2016.07.10"]
[Round "1"]
[White "Holliman, Bob"]
[Black "Vettese, Nicholas"]
[Result "0-1"]
[WhiteElo "1905"]
[BlackElo "2147"]
[PlyCount "74"]
[GameId "2160767908659713"]
[EventDate "2016.07.10"]
[EventType "swiss"]
[EventRounds "9"]
[EventCountry "CAN"]
[SourceTitle "EXT 2017"]
[Source "ChessBase"]
[SourceDate "2016.10.25"]
[SourceVersion "1"]
[SourceVersionDate "2016.10.25"]
[SourceQuality "1"]

1. d4 Nf6 2. c4 g6 3. Nf3 Bg7 4. g3 O-O 5. Bg2 d6 6. Nc3 Nbd7 7. O-O c5 8. b3 a6 9. Bb2 Qa5 10. Qd2 b5 11. Nd5 Qd8 12. Nxf6+ Nxf6 13. Ne5 dxe5 14. Bxa8 exd4 15. cxb5 axb5 16. Rfc1 Nd7 17. Bc6 Qb6 18. Bg2 Ba6 19. Rd1 e5 20. Ba3 Rd8 21. e3 c4 22. bxc4 bxc4 23. Rab1 Qc7 24. Bf1 d3 25. Bb4 Rc8 26. Rdc1 e4 27. Bc3 Ne5 28. Bg2 Bb7 29. Bd4 Qd7 30. Kh1 Bd5 31. Qc3 Re8 32. Rb2 h5 33. Rcb1 h4 34. Rb8 Kh7 35. Rxe8 Qxe8 36. Qa5 Qe6 37. h3 Nc6 0-1

[Event "CAN-op"]
[Site "Windsor CAN"]
[Date "2016.07.11"]
[Round "2"]
[White "Vettese, Nicholas"]
[Black "Tarjan, James"]
[Result "0-1"]
[WhiteElo "2147"]
[BlackElo "2447"]
[PlyCount "92"]
[GameId "2160767908659741"]
[EventDate "2016.07.10"]
[EventType "swiss"]
[EventRounds "9"]
[EventCountry "CAN"]
[SourceTitle "EXT 2017"]
[Source "ChessBase"]
[SourceDate "2016.10.25"]
[SourceVersion "1"]
[SourceVersionDate "2016.10.25"]
[SourceQuality "1"]

1. e4 c6 2. d4 d5 3. e5 c5 4. Nf3 cxd4 5. Nxd4 e6 6. c4 Bb4+ 7. Nc3 Ne7 8. Qb3 Nbc6 9. Nxc6 Nxc6 10. cxd5 Qxd5 11. Qxb4 Nxb4 12. Nxd5 exd5 13. Bb5+ Bd7 14. Bxd7+ Kxd7 15. O-O Rac8 16. Bd2 Nc6 17. Bc3 Ke6 18. Rfd1 Rhd8 19. f4 d4 20. Bd2 d3 21. Kf2 Nd4 22. Rac1 Rc2 23. Rb1 h5 24. Ke3 Nf5+ 25. Kf3 Rd5 26. Bc3 Nh4+ 27. Kg3 Nf5+ 28. Kf3 Nh4+ 29. Kg3 Ng6 30. Rd2 Rxd2 31. Bxd2 Rc5 32. Rc1 Rc2 33. Rxc2 dxc2 34. Kf2 Kf5 35. g3 Ke4 36. Ke2 h4 37. Bc1 h3 38. b4 b5 39. a3 Ne7 40. g4 Nc6 41. Kd2 Kxf4 42. Kxc2+ Kxg4 43. Be3 Kf3 44. Kd2 a6 45. Bc5 Nxe5 46. Bf8 g5 0-1

[Event "CAN-op"]
[Site "Windsor CAN"]
[Date "2016.07.12"]
[Round "3.14"]
[White "Vettese, Nicholas"]
[Black "Sivapathasundaram, Manojh"]
[Result "1-0"]
[WhiteElo "2265"]
[BlackElo "1985"]
[PlyCount "91"]
[GameId "2160767908667968"]
[EventDate "2016.07.10"]
[EventType "swiss"]
[EventRounds "9"]
[EventCountry "CAN"]
[SourceTitle "hb 2016"]

1. e4 c5 2. Nf3 d6 3. d4 cxd4 4. Nxd4 Nf6 5. Nc3 g6 6. Be3 Bg7 7. f3 O-O 8. Qd2 Nc6 9. g4 Nxd4 10. Bxd4 Be6 11. O-O-O Qa5 12. Kb1 b5 13. Nd5 Qxd2 14. Nxe7+ Kh8 15. Rxd2 Rfe8 16. Bxf6 Bxf6 17. Nd5 Bg5 18. Rd1 Rab8 19. Nc7 Re7 20. Nxe6 Rxe6 21. Rd5 Bf6 22. Rxb5 Rxb5 23. Bxb5 d5 24. Bd3 dxe4 25. Bxe4 Kg7 26. c4 Kf8 27. c5 Ke7 28. Rd1 Be5 29. h3 Bf4 30. b4 Be5 31. Kc2 Bf4 32. Kc3 Be3 33. Kc4 Bf4 34. a4 Bc7 35. b5 Ba5 36. Bc6 Kf8 37. Rd7 Re7 38. Kd5 h6 39. Rb7 Bc3 40. Rxe7 Kxe7 41. b6 axb6 42. cxb6 Kd8 43. Bb7 Kd7 44. Kc5 h5 45. gxh5 gxh5 46. Kb5 1-0

[Event "CAN-op"]
[Site "Windsor CAN"]
[Date "2016.07.13"]
[Round "4.5"]
[White "Bitan, Banerjee"]
[Black "Vettese, Nicholas"]
[Result "0-1"]
[WhiteElo "2368"]
[BlackElo "2147"]
[PlyCount "38"]
[GameId "2160767908667984"]
[EventDate "2016.07.10"]
[EventType "swiss"]
[EventRounds "9"]
[EventCountry "CAN"]

1. d4 Nf6 2. Bg5 e6 3. e4 h6 4. Bxf6 Qxf6 5. c3 c5 6. Ne2 Nc6 7. f4 cxd4 8. cxd4 g5 9. f5 d5 10. Nbc3 dxe4 11. d5 exd5 12. Nxd5 Qe5 13. Ng3 Bc5 14. Nc3 Bxf5 15. Bc4 Rd8 16. Bxf7+ Kxf7 17. Qb3+ Kg6 18. Nxf5 Qxf5 19. Rf1 Nd4 0-1

[Event "CAN-op"]
[Site "Windsor CAN"]
[Date "2016.07.14"]
[Round "5.4"]
[White "Vettese, Nicholas"]
[Black "Chaichi, Navid"]
[Result "1/2-1/2"]
[WhiteElo "2147"]
[BlackElo "2134"]
[PlyCount "106"]
[GameId "2160767908668008"]
[EventDate "2016.07.10"]
[EventType "swiss"]
[EventRounds "9"]
[EventCountry "CAN"]

1. e4 c5 2. Nf3 Nc6 3. d4 cxd4 4. Nxd4 e5 5. Nb5 d6 6. N1c3 a6 7. Na3 b5 8. Nd5 Nge7 9. c4 Nd4 10. Be3 Nxd5 11. cxd5 Be7 12. Bxd4 exd4 13. Nc2 Bf6 14. Qd2 O-O 15. Bd3 g6 16. O-O Bg7 17. a4 bxa4 18. Rxa4 Bd7 19. Ra5 f5 20. exf5 Bxf5 21. Rfa1 Qh4 22. Bxf5 Rxf5 23. Rxa6 Raf8 24. b3 Qe4 25. Ra8 Qxd5 26. Rxf8+ Rxf8 27. Rd1 Rb8 28. Nxd4 Be5 29. b4 Kf7 30. Nc2 Qxd2 31. Rxd2 Ke6 32. Rd1 d5 33. Kf1 Rc8 34. Ne1 Bc3 35. Rb1 d4 36. Ke2 Kd5 37. Nf3 Re8+ 38. Kd3 Rf8 39. Ke2 d3+ 40. Ke3 Kc4 41. b5 Re8+ 42. Kf4 d2 43. Kg5 Rf8 44. Nxd2+ Bxd2+ 45. f4 Bb4 46. b6 Rf5+ 47. Kh6 Rf7 48. h4 Bf8+ 49. Kg5 Rf5+ 50. Kg4 h5+ 51. Kf3 Bb4 52. Rc1+ Bc3 53. Rb1 Bb4 1/2-1/2

[Event "CAN-op"]
[Site "Windsor CAN"]
[Date "2016.07.15"]
[Round "6.2"]
[White "Yang, Kaiqi"]
[Black "Vettese, Nicholas"]
[Result "1-0"]
[WhiteElo "2387"]
[BlackElo "2147"]
[PlyCount "81"]
[GameId "2160767908668030"]
[EventDate "2016.07.10"]
[EventType "swiss"]
[EventRounds "9"]
[EventCountry "CAN"]

1. c4 Nf6 2. Nf3 g6 3. g3 Bg7 4. Bg2 d5 5. cxd5 Nxd5 6. O-O O-O 7. d4 Nc6 8. Nc3 Nxc3 9. bxc3 e5 10. e3 Qd6 11. a4 Rd8 12. Ba3 Qe6 13. Qb1 Qf5 14. Nd2 Bf8 15. Bxf8 Kxf8 16. Ne4 Rb8 17. Nc5 exd4 18. cxd4 Qxb1 19. Raxb1 Na5 20. Na6 Bf5 21. Nxb8 Bxb1 22. Nc6 Nxc6 23. Rxb1 Na5 24. Bxb7 Rb8 25. Be4 Rxb1+ 26. Bxb1 Ke7 27. f4 Kd6 28. Ba2 f6 29. e4 Nc6 30. e5+ fxe5 31. dxe5+ Kc5 32. h4 Ne7 33. g4 Kd4 34. Kf2 c5 35. Bb1 c4 36. e6 c3 37. Ke2 Nd5 38. Kd1 Ne3+ 39. Kc1 Nxg4 40. e7 Nf6 41. f5 1-0

[Event "CAN-op"]
[Site "Windsor CAN"]
[Date "2016.07.16"]
[Round "7.11"]
[White "Vettese, Nicholas"]
[Black "Virkud, Apurva"]
[Result "0-1"]
[WhiteElo "2285"]
[BlackElo "2153"]
[PlyCount "86"]
[GameId "2160767908668064"]
[EventDate "2016.07.10"]
[EventType "swiss"]
[EventRounds "9"]
[EventCountry "CAN"]
[SourceTitle "hb 2016"]

1. e4 c5 2. Nf3 d6 3. d4 cxd4 4. Nxd4 Nf6 5. Nc3 a6 6. f3 e6 7. Be3 b5 8. Qd2 Bb7 9. O-O-O Nbd7 10. Kb1 Rc8 11. g4 Nb6 12. g5 Nfd7 13. Bd3 Ne5 14. f4 Nec4 15. Bxc4 Nxc4 16. Qd3 Be7 17. h4 Qa5 18. Nb3 Qc7 19. Bd2 b4 20. Ne2 a5 21. h5 Ba6 22. Ka1 Qb6 23. Qf3 a4 24. Nbd4 a3 25. b3 Nxd2 26. Rxd2 Qc5 27. Rh3 Bxe2 28. Qxe2 h6 29. g6 Bf6 30. gxf7+ Kxf7 31. e5 dxe5 32. fxe5 Qxe5 33. Re3 Qxd4+ 34. Rxd4 Bxd4+ 35. Kb1 Bxe3 36. Qxe3 Rhd8 37. Kc1 Rb8 38. Qe4 Rb6 39. c3 bxc3 40. Qf4+ Kg8 41. Qc7 Rbb8 42. Qe7 c2 43. Qxe6+ Kh8 0-1

[Event "CAN-op"]
[Site "Windsor CAN"]
[Date "2016.07.16"]
[Round "8.13"]
[White "Song, Sam"]
[Black "Vettese, Nicholas"]
[Result "1-0"]
[WhiteElo "2316"]
[BlackElo "2265"]
[PlyCount "73"]
[GameId "2160767908668087"]
[EventDate "2016.07.10"]
[EventType "swiss"]
[EventRounds "9"]
[EventCountry "CAN"]
[SourceTitle "hb 2016"]

1. e4 c5 2. Nf3 d6 3. d4 cxd4 4. Nxd4 Nf6 5. Nc3 a6 6. Be3 e6 7. Qf3 Nbd7 8. Be2 Qc7 9. g4 b5 10. g5 Ne5 11. Qg2 Nfd7 12. f4 Nc4 13. Bxc4 Qxc4 14. a3 Bb7 15. O-O-O Rc8 16. Nb3 Qc7 17. Rhf1 d5 18. Bd4 dxe4 19. Nxe4 a5 20. Kb1 b4 21. axb4 axb4 22. Qe2 Bd5 23. Rf2 Qc6 24. Re1 Rg8 25. Qe3 Be7 26. Ng3 Kf8 27. f5 e5 28. Bxe5 Nxe5 29. Qxe5 Bxg5 30. Nd4 Qc5 31. Rfe2 f6 32. Ne6+ Ke7 33. Nxc5+ fxe5 34. Rxe5+ Kd6 35. Nd3 b3 36. cxb3 Bxb3 37. Ne4+ 1-0

[Event "CAN-op"]
[Site "Windsor CAN"]
[Date "2016.07.17"]
[Round "9.16"]
[White "Vettese, Nicholas"]
[Black "Rodrigue-Lemieux, Shawn"]
[Result "1/2-1/2"]
[WhiteElo "2265"]
[BlackElo "2101"]
[PlyCount "50"]
[GameId "2160767908668114"]
[EventDate "2016.07.10"]
[EventType "swiss"]
[EventRounds "9"]
[EventCountry "CAN"]
[SourceTitle "hb 2016"]

1. e4 c6 2. d4 d5 3. e5 Bf5 4. Ne2 e6 5. Ng3 Bg6 6. h4 h6 7. h5 Bh7 8. Bd3 Bxd3 9. cxd3 Nd7 10. Be3 Ne7 11. O-O c5 12. dxc5 Nxe5 13. f4 Nd7 14. Nc3 Nc6 15. d4 f5 16. b4 a6 17. Qb3 Be7 18. Bf2 Nf6 19. a4 O-O 20. Rae1 Ne4 21. Ngxe4 fxe4 22. Be3 Bh4 23. Rd1 Qe8 24. g4 a5 25. b5 Nb4 1/2-1/2

[Event "CYCC U12"]
[Site "Windsor CAN"]
[Date "2016.07.05"]
[Round "1.50"]
[White "Vettese, Nicholas"]
[Black "Cloutier, Simon"]
[Result "1-0"]
[WhiteElo "2271"]
[BlackElo "1167"]
[PlyCount "35"]
[GameId "2160767908693426"]
[EventDate "2016.07.05"]
[EventType "swiss"]
[EventRounds "7"]
[EventCountry "CAN"]
[SourceTitle "EXT 2022"]
[Source "ChessBase"]
[SourceDate "2021.10.06"]
[SourceVersion "1"]
[SourceVersionDate "2021.10.06"]
[SourceQuality "1"]

1. e4 e5 2. Nf3 Nc6 3. Bc4 Bc5 4. c3 Nf6 5. d3 d6 6. Bb3 Bg4 7. h3 Bh5 8. Nbd2 b5 9. O-O O-O 10. Re1 Qd7 11. Nf1 Ne8 12. Ng3 Bxf3 13. Qxf3 Nf6 14. Nf5 Ne7 15. Nh6+ Kh8 16. Nxf7+ Rxf7 17. Bxf7 g6 18. Qxf6# 1-0

[Event "CYCC U12"]
[Site "Windsor CAN"]
[Date "2016.07.06"]
[Round "2.49"]
[White "Liu, Harrison"]
[Black "Vettese, Nicholas"]
[Result "0-1"]
[WhiteElo "1608"]
[BlackElo "2271"]
[PlyCount "96"]
[GameId "2160767908693448"]
[EventDate "2016.07.05"]
[EventType "swiss"]
[EventRounds "7"]
[EventCountry "CAN"]
[SourceTitle "EXT 2022"]
[Source "ChessBase"]
[SourceDate "2021.10.06"]
[SourceVersion "1"]
[SourceVersionDate "2021.10.06"]
[SourceQuality "1"]

1. d4 Nf6 2. c4 g6 3. Nc3 d5 4. Nf3 Bg7 5. Bf4 O-O 6. e3 c5 7. h3 Nc6 8. Nb5 Qa5+ 9. Qd2 Qxd2+ 10. Nxd2 cxd4 11. Nc7 dxe3 12. fxe3 Nb4 13. Kd1 Bf5 14. Nxa8 Rxa8 15. a3 Nd3 16. Bxd3 Bxd3 17. Rc1 Rd8 18. cxd5 Nxd5 19. Bc7 Nxe3+ 20. Ke1 Rc8 21. Kf2 Nc2 22. Bf4 Bd4+ 23. Kg3 e5 24. Bh6 e4 25. Rhe1 Bxb2 26. Rxc2 Be5+ 27. Kg4 Rxc2 28. Nxe4 Bxe4 29. Rxe4 f5+ 30. Kf3 fxe4+ 31. Kxe4 Bc7 32. g4 Rc3 33. Be3 Rxa3 34. h4 b5 35. Bc5 Ra4+ 36. Kd3 Rxg4 37. Bxa7 Rxh4 38. Bc5 b4 39. Kc2 Rc4+ 40. Kb3 Rxc5 41. Kxb4 Bb6 42. Ka3 g5 43. Ka2 g4 44. Ka1 g3 45. Ka2 g2 46. Ka1 g1=Q+ 47. Ka2 Rb5 48. Ka3 Qa1# 0-1

[Event "CYCC U12"]
[Site "Windsor CAN"]
[Date "2016.07.06"]
[Round "3.49"]
[White "Vettese, Nicholas"]
[Black "Lin, Benjamin1"]
[Result "1-0"]
[WhiteElo "2271"]
[BlackElo "1911"]
[PlyCount "71"]
[GameId "2160767908693471"]
[EventDate "2016.07.05"]
[EventType "swiss"]
[EventRounds "7"]
[EventCountry "CAN"]
[SourceTitle "EXT 2022"]
[Source "ChessBase"]
[SourceDate "2021.10.06"]
[SourceVersion "1"]
[SourceVersionDate "2021.10.06"]
[SourceQuality "1"]

1. e4 c5 2. Nf3 e6 3. d4 cxd4 4. Nxd4 Nc6 5. Nc3 Qc7 6. Be3 a6 7. Qd2 Nf6 8. f3 b5 9. O-O-O Be7 10. g4 Bb7 11. h4 Ne5 12. Kb1 Bb4 13. Ncxb5 Qa5 14. Nc7+ Ke7 15. c3 Qxc7 16. cxb4 Nxe4 17. Qh2 Nf6 18. Nf5+ exf5 19. Bc5+ Kd8 20. Bd6 Qb6 21. Qxe5 fxg4 22. Rc1 Bc6 23. Rxc6 dxc6 24. Qe7+ Kc8 25. Bd3 Nd7 26. Bf5 Rd8 27. Rd1 gxf3 28. Bf4 Ra7 29. Be3 Qb5 30. Qxf7 Qe2 31. Rd3 f2 32. Rxd7 Raxd7 33. Bxd7+ Rxd7 34. Qe8+ Rd8 35. Qxc6+ Kb8 36. Bf4+ 1-0

[Event "CYCC U12"]
[Site "Windsor CAN"]
[Date "2016.07.07"]
[Round "4.49"]
[White "Huang, Patrick"]
[Black "Vettese, Nicholas"]
[Result "1-0"]
[WhiteElo "1942"]
[BlackElo "2271"]
[PlyCount "95"]
[GameId "2160767908701686"]
[EventDate "2016.07.05"]
[EventType "swiss"]
[EventRounds "7"]
[EventCountry "CAN"]
[SourceTitle "EXT 2022"]
[Source "ChessBase"]
[SourceDate "2021.10.06"]
[SourceVersion "1"]
[SourceVersionDate "2021.10.06"]
[SourceQuality "1"]

1. e4 c5 2. Nf3 d6 3. d4 cxd4 4. Nxd4 Nf6 5. Nc3 a6 6. Be2 e5 7. Nb3 Be7 8. O-O O-O 9. a4 Be6 10. f4 Nc6 11. f5 Bxb3 12. cxb3 Qb6+ 13. Kh1 Na5 14. Bc4 Nxc4 15. bxc4 Qb4 16. Qd3 Rac8 17. Nd5 Nxd5 18. cxd5 Qc4 19. Qf3 Rc7 20. Bd2 Rfc8 21. Ba5 Rd7 22. f6 Bxf6 23. Qg4 Re7 24. Rxf6 h5 25. Qg5 b6 26. Bxb6 Qb4 27. a5 Qxb2 28. Raf1 Qb5 29. R6f2 Rc2 30. Qxe7 Rxf2 31. Bxf2 Qxf1+ 32. Bg1 Qf4 33. Qxd6 h4 34. Qb8+ Kh7 35. Qb3 Qxe4 36. d6 Qc6 37. Qd3+ e4 38. Qd1 h3 39. Be3 hxg2+ 40. Kxg2 Qd7 41. h3 g6 42. Qd5 Kg8 43. Bd4 Kh7 44. Qe5 Kh6 45. Qf4+ g5 46. Qf6+ Kh5 47. Qh8+ Kg6 48. Qg7+ 1-0

[Event "CYCC U12"]
[Site "Windsor CAN"]
[Date "2016.07.07"]
[Round "5.50"]
[White "Vettese, Nicholas"]
[Black "Rodrigue-Lemieux, Shawn"]
[Result "1-0"]
[WhiteElo "2271"]
[BlackElo "2089"]
[PlyCount "179"]
[GameId "2160767908701709"]
[EventDate "2016.07.05"]
[EventType "swiss"]
[EventRounds "7"]
[EventCountry "CAN"]
[SourceTitle "EXT 2022"]
[Source "ChessBase"]
[SourceDate "2021.10.06"]
[SourceVersion "1"]
[SourceVersionDate "2021.10.06"]
[SourceQuality "1"]

1. e4 c6 2. d4 d5 3. e5 Bf5 4. Ne2 e6 5. Ng3 Bg6 6. h4 h6 7. h5 Bh7 8. Bd3 Bxd3 9. cxd3 Ne7 10. Be3 Nd7 11. Nd2 c5 12. dxc5 Nxe5 13. Nb3 N7c6 14. f4 Nd7 15. d4 Be7 16. O-O Bh4 17. Qg4 Bxg3 18. Qxg3 Qf6 19. f5 exf5 20. Qc7 Rd8 21. Qxb7 O-O 22. Qb5 Rfe8 23. Qd3 Qe6 24. Rae1 Qe4 25. Qb5 Ndb8 26. Bf2 Qg4 27. Qb7 f4 28. Nd2 a6 29. b4 Re2 30. Rxe2 Qxe2 31. Nf3 Qxa2 32. Ne5 Nxe5 33. dxe5 Qa4 34. Bh4 Re8 35. Rxf4 Qd1+ 36. Rf1 Qd4+ 37. Bf2 Qc3 38. Qxd5 Qxe5 39. Qb7 Re7 40. Qb6 Re6 41. Qb7 Re7 42. Qa8 Qc7 43. Rc1 Re8 44. c6 Rc8 45. Be3 Nxc6 46. Qxa6 Qd7 47. b5 Ne7 48. Rxc8+ Nxc8 49. b6 Qd1+ 50. Qf1 Qb3 51. Qf2 Qb1+ 52. Kh2 Qb5 53. Kg3 Qb3 54. Qd2 Kh7 55. Qd4 Qb5 56. Kf2 Qc6 57. Qd3+ Kg8 58. Qd8+ Kh7 59. Qc7 Qxc7 60. bxc7 g6 61. Kf3 gxh5 62. Ke4 Kg6 63. Ke5 h4 64. Bd4 h5 65. Bf2 Kg5 66. Kd5 h3 67. gxh3 Kf5 68. Be1 Kf6 69. Bh4+ Kf5 70. Bd8 f6 71. h4 Na7 72. Kd6 Nc8+ 73. Kd7 Nb6+ 74. Ke7 Ke5 75. Kf7 f5 76. Bg5 f4 77. Kg6 Ke4 78. Be7 Nd5 79. Bd6 Nb6 80. Kxh5 Nc8 81. Bc5 Kd5 82. Bg1 Kc6 83. Bh2 f3 84. Bg3 Kd7 85. Kg4 f2 86. Bxf2 Kxc7 87. h5 Ne7 88. Kg5 Ng8 89. Kg6 Kd7 90. Bh4 1-0